| 000 | 00000cam 2200000zi 4500 |
| 001 | 9.955926 |
| 003 | CaOODSP |
| 005 | 20260529075007 |
| 006 | m o d f |
| 007 | cr cn |||||||| |
| 008 | 251002t20252025onca o f000 0 fre d |
| 020 | |a9780660791784 |
| 040 | |aCaOODSP|bfre|erda|cCaOODSP |
| 043 | |an-cn--- |
| 086 | 1 |aNR16-495/2025F-PDF |
| 245 | 00|aCentre de fabrication pour la photonique du Canada (CFPC). |
| 264 | 1|a[Ottawa] : |bConseil national de recherches Canada = National Research Council Canada, |c[2025] |
| 264 | 4|c©2025 |
| 300 | |a1 ressource en ligne (1 page non numérotée) : |billustrations |
| 336 | |atexte|btxt|2rdacontent/fre |
| 337 | |ainformatique|bc|2rdamedia/fre |
| 338 | |aressource en ligne|bcr|2rdacarrier/fre |
| 500 | |aTitre de départ. |
| 500 | |aPublié aussi en anglais sous le titre : Canadian Photonics Fabrication Centre (CPFC). |
| 520 | |a« Transformer des matériaux semi-conducteurs composés en dispositifs qui génèrent, contrôlent et détectent les photons » -- Page [1]. |
| 650 | 6|aPhotonique. |
| 650 | 6|aPhotons. |
| 650 | 6|aRecherche industrielle|zCanada |xLaboratoires. |
| 710 | 2 |aConseil national de recherches Canada, |eorganisme de publication. |
| 775 | 08|tCanadian Photonics Fabrication Centre (CPFC).|w(CaOODSP)9.955925 |
| 856 | 40|qPDF|s548 Ko|uhttps://publications.gc.ca/collections/collection_2026/cnrc-nrc/NR16-495-2025-fra.pdf |